Propiedades fisicomecánicas y de trabajabilidad de la madera de cinco especies cultivadas en el ecosistema guaviarense (Registro nro. 3491)

Detalles MARC
000 -CABECERA
Campo de control 00641nam a2200205 a 4500
005 - FECHA Y HORA DE LA ULTIMA TRANSACCION
Campo de control 20190724112838.0
008 - ELEMENTOS DE LONGITUD FIJA—INFORMACION GENERAL
Campo de control 140311b2002 ck ||||| |||| 00| 0 spa d
040 ## - FUENTE DE CATALOGACIÓN
Agencia catalogadora original CO-BoIAVH
Agencia transcriptora CO-BoIAVH
041 ## - IDIOMA
Código de idioma para texto/pista de sonido o título separado Español
044 ## - PAÍS DE PUBLICACIÓN
País de publicación Colombia
090 ## - CLASIFICACIÓN LOCAL
Colección LB
Consecutivo 03276
100 ## - ASIENTO PRINCIPAL--NOMBRE PERSONAL
Nombre personal Vargas Avila, Guillermo
9 (RLIN) 8710
245 ## - MENCION DE TITULO
Título Propiedades fisicomecánicas y de trabajabilidad de la madera de cinco especies cultivadas en el ecosistema guaviarense
260 ## - PUBLICACION, DISTRIBUCION, ETC. (PIE DE IMPRENTA)
Lugar de publicación, distribución, etc. San José del Guaviare
Nombre del editor, distribuidor, etc. SINCHI
Fecha de publicación, distribución, etc. 2002
300 ## - DESCRIPCION FISICA
Extensión 28 p.
650 #0 - ASIENTO SECUNDARIO DE MATERIA - TERMINO TEMATICO
9 (RLIN) 92882
Término temático o nombre geográfico como elemento de entrada Especies maderables
700 ## - ASIENTO SECUNDARIO - NOMBRE PERSONAL
Nombre personal Giraldo Benavides, Bernardo
9 (RLIN) 8712
942 ## - ELEMENTOS ADICIONALES (KOHA)
Tipo de ítem Folleto
Sistema de clasificación Local
945 ## - PROCESAMIENTO LOCAL
AAAA-MM-DD - Fecha de ingreso o modificacion 2003-11-06
Existencias
Withdrawn status Lost status Sistema de Clasificación Damaged status No para préstamo Colección Ubicación Permanente Ubicación actual Fecha de adquisición Total Checkouts Número topográfico Inventario / Código de Barras Date last seen Ejemplar Price effective from Tipo de material
    Local     General Bogotá Bogotá 04/12/2012   FG-0353 014828 04/12/2012 Ej. 1 04/12/2012 Folleto